| 000 -LEADER | |
|---|---|
| fixed length control field | 00414nam a22001697a 4500 |
| 005 - DATE AND TIME OF LATEST TRANSACTION | |
| control field | 20180720103347.0 |
| 008 - FIXED-LENGTH DATA ELEMENTS--GENERAL INFORMATION | |
| fixed length control field | 160622b xxu||||| |||| 00| 0 eng d |
| 020 ## - INTERNATIONAL STANDARD BOOK NUMBER | |
| ISBN | 978-81-317-2121-6 |
| 041 ## - LANGUAGE CODE | |
| Language code of text/sound track or separate title | eng |
| 082 ## - DEWEY DECIMAL CLASSIFICATION NUMBER | |
| Item number | 8838 |
| Classification number | 658.3 |
| 100 ## - MAIN ENTRY--AUTHOR NAME | |
| Personal name | Robins, Stephen p.and Judge, Timothy A. |
| 245 ## - TITLE STATEMENT | |
| Title | Organizational behavior |
| 260 ## - PUBLICATION, DISTRIBUTION, ETC. (IMPRINT) | |
| Name of publisher | Pearson |
| 300 ## - PHYSICAL DESCRIPTION | |
| Number of Pages | 745 |
| 650 ## - SUBJECT ADDED ENTRY--TOPICAL TERM | |
| Topical Term | Management |
| 942 ## - ADDED ENTRY ELEMENTS (KOHA) | |
| Koha item type | Books |
| Lost status | Damaged status | Home library | Current library | Shelving location | Date acquired | Full call number | Accession Number | Koha item type | Collection code |
|---|---|---|---|---|---|---|---|---|---|
| JRU Library | SHELF-65-G | 22/06/2016 | 658.3 | 8838 | Books | ||||
| JRU Library | JRU Library | SHELF-65-G | 22/06/2016 | 658.3 | 8839 | Books | MANAGEMENT | ||
| JRU Library | SHELF-65-G | 22/06/2016 | 658.3 | 8840 | Books | ||||
| JRU Library | 22/06/2016 | 658.3 | 8841 | Books | MANAGEMENT | ||||
| JRU Library | JRU Library | 22/06/2016 | 658.3 | 8842 | Books | MANAGEMENT |